LEADER 00884nam a2200193 i 4500 001 000000049798 003 CaOOAMICUS 005 20120709000000.0 008 120709s1905 xx u000 u lat u 013 $a20969 040 $aSeMil$bita 245 10$aContinens tractatus De legibus in genere, de actibus humanis, de conscientia et de peccatis in genere. 300 $aXV, 291 p. 650 4$aTeologia morale.$0(OLS)http://semarc/subject/91 700 1 $aBerardi, Emilio.$0(OLS)http://semarc/name/12287 773 0 $aBerardi, Emilio$tTheologia moralis theorico-practica.$dFaventiae : Novelli & Castellani, 1904-1905.$gVol.1$w()27046 850 $aSeMil 852 $aSeMil$W1$xVenegono$y1$m2E III 65$j15953$B15953$CSeMilBibl$Z2$F15953 $81 996 $6245$aContinens tractatus De legibus in genere, de actibus humanis, de conscientia et de peccatis in genere$9(OLS)http://semarc/title/75864 LEADER 01332nam a2200241 i 4500 001 000000226629 003 CaOOAMICUS 005 20140129000000.0 008 140129s1903 it u000 u ita u 013 $a205531 040 $aSeMil$bita 100 1 $aCereseto, Giovanni Giacinto.$0(OLS)http://semarc/name/53025 245 10$aTre classi di dottori :$bquestioni circa gli autori e la data dei Salmi, dei Proverbi e del Pentateuco /$cP. Giovanni Giacinto Cereseto. 260 $aMonza :$bArtigianelli Orfani,$c1903. 300 $aXV, 206 p. ;$c25 cm. 500 $aEstratto dalla Scuola Cattolica. 650 4$aBibbia. Antico Testamento. Salmi - Commentari, studi, critica, interpretazioni.$0(OLS)http://semarc/subject/289 650 4$aBibbia. Antico Testamento. Proverbi - Commentari, studi, critica, interpretazioni.$0(OLS)http://semarc/subject/13566 650 4$aBibbia. Antico Testamento. Pentateuco - Commentari, studi, critica, interpretazioni.$0(OLS)http://semarc/subject/4709 850 $aSeMil 852 $aSeMil$W1$xVenegono$y1$m2W IV 145$j176975$B176975$CSeMilBibl$Z2$F187908 $81 996 $6245$aTre classi di dottori :$bquestioni circa gli autori e la data dei Salmi, dei Proverbi e del Pentateuco$9(OLS)http://semarc/title/324455 996 $6260$aMonza :$bArtigianelli Orfani$9(OLS)http://semarc/publisher/53506